Normal view
MARC view
- course based undergraduate research experiences.
Entry Topical Term
001 - CONTROL NUMBER
- control field: 66436
003 - CONTROL NUMBER IDENTIFIER
- control field: OSt
005 - DATE AND TIME OF LATEST TRANSACTION
- control field: 20250414091716.0
008 - FIXED-LENGTH DATA ELEMENTS
- fixed length control field: 250414|| aca||babn | a|a d
040 ## - CATALOGING SOURCE
- Original cataloging agency: OSt
150 ## - HEADING--TOPICAL TERM
- Topical term or geographic name entry element: course based undergraduate research experiences.
